Normal view
MARC view
Entry Personal Name
001 - CONTROL NUMBER
- control field: 41670
003 - CONTROL NUMBER IDENTIFIER
- control field: ARRUPE
005 - DATE AND TIME OF LATEST TRANSACTION
- control field: 20180504122938.0
008 - FIXED-LENGTH DATA ELEMENTS
- fixed length control field: 180504|| aca||aabn | a|a d
040 ## - CATALOGING SOURCE
- Original cataloging agency: ARRUPE
- Transcribing agency: ARRUPE
100 ## - HEADING--PERSONAL NAME
- Personal name: Molinari , Paul
670 ## - SOURCE DATA FOUND
- Source citation: Work cat.: (ARRUPE)58395: Molinari , Paul, Julian of Norwich, 1979